Estudios lingüísticos sobre la relación entre oralidad y escritura
Sábháilte in:
| Príomhchruthaitheoir: | |
|---|---|
| Formáid: | LEABHAR |
| Teanga: | Spáinnis |
| Foilsithe / Cruthaithe: |
Barcelona
Gedisa
1998
|
| Sraith: | Colección Lea. Lenguaje, Escritura, Alfabetización
|
| Ábhair: | |
| Clibeanna: |
Cuir clib leis
Níl clibeanna ann, Bí ar an gcéad duine le clib a chur leis an taifead seo!
|
MARC
| LEADER | 00000nam a2200000 a 4500 | ||
|---|---|---|---|
| 001 | UCO8745 | ||
| 003 | CL-VaPUC | ||
| 008 | 010105e19980000SP |||||||||||||||||spa|d | ||
| 020 | |a 8474326354 | ||
| 082 | 0 | 4 | |a 410 |b BLA |2 21 |
| 100 | 0 | |a Blanche-Benveniste, Claire |e author |9 453611 | |
| 245 | 1 | 0 | |a Estudios lingüísticos sobre la relación entre oralidad y escritura |
| 300 | |a 176 p | ||
| 942 | |c BK | ||
| 945 | |d 20010105 00:00:00 |a cmena | ||
| 260 | |a Barcelona |b Gedisa |c 1998 | ||
| 650 | 0 | |a Lingüística |9 265068 | |
| 650 | 0 | |a Expresión oral |9 334815 | |
| 650 | 0 | |a Expresión escrita |9 334816 | |
| 650 | 0 | |a Educación lingüística |9 306506 | |
| 583 | |a last modification |c 20010105 00:00:00 |k Rodrigo Vera | ||
| 490 | 0 | |a Colección Lea. Lenguaje, Escritura, Alfabetización | |
| 999 | |c 293213 |d 293211 | ||
| 952 | |0 0 |1 0 |4 0 |6 410_000000000000000_BLA_1998 |7 0 |8 A |9 344596 |a FDOPOS |b FDOPOS |d 2019-11-20 |i 3676986 |o 410 BLA 1998 |p 3676986 |r 2025-01-22 |w 2019-11-20 |y BK |k MLA | ||
| 952 | |0 0 |1 0 |4 0 |6 410_000000000000000_BLA_1998 |7 0 |8 A |9 344597 |a FDOPOS |b FDOPOS |d 2019-11-20 |i 3784282 |o 410 BLA 1998 |p 3784282 |r 2025-01-22 |w 2019-11-20 |y BK |k MLA | ||
| 952 | |0 0 |1 0 |4 0 |6 410_000000000000000_BLA_1998 |7 0 |8 A |9 344598 |a FDOPOS |b FDOPOS |d 2019-11-20 |i 4102606 |o 410 BLA 1998 |p 4102606 |r 2025-01-22 |w 2019-11-20 |y BK |k MLA | ||
| 952 | |0 0 |1 0 |4 0 |6 410_000000000000000_BLA_1998 |7 0 |8 A |9 344599 |a BIBEDU |b BIBEDU |d 2019-11-20 |i 4081684 |o 410 BLA 1998 |p 4081684 |r 2019-11-20 |w 2019-11-20 |y BK |k LIT | ||
| 952 | |0 0 |1 0 |4 0 |6 410_000000000000000_BLA_1998 |7 0 |8 A |9 344600 |a BIBEDU |b BIBEDU |d 2019-11-20 |i 4290941 |o 410 BLA 1998 |p 4290941 |r 2019-11-20 |w 2019-11-20 |y BK |k EDU | ||
| 952 | |0 0 |1 0 |4 0 |6 410_000000000000000_BLA_1998 |7 0 |8 A |9 344601 |a BIBEDU |b BIBEDU |d 2019-11-20 |i 4295935 |o 410 BLA 1998 |p 4295935 |r 2019-11-20 |w 2019-11-20 |y BK |k EDU | ||